| 000 | 00783cam a2200205 4500 | ||
|---|---|---|---|
| 001 | WB3721-22 | ||
| 008 | 000000n2001 000 0 eng u | ||
| 035 | _a(Sirsi) u112876 | ||
| 245 | _aImpact of f-and-m on business | ||
| 260 | _c2001 | ||
| 490 |
_aFarmers Guardian _v 25 May 2001, 6(1) |
||
| 520 | _aAfter the announcement of a fall in farm debt considers the financial impact of foot and mouth. The main effects of the epidemic on farmers were not being felt financially by the end of March but the situation could worsen if farmers go through the summer with no sales. | ||
| 590 | _aWB | ||
| 650 | _aFOOT-AND-MOUTH DISEASE | ||
| 650 | _aFARMING INDUSTRY | ||
| 650 | _aFARM INCOMES | ||
| 650 | _aFARM FINANCE | ||
| 690 | _aRURAL-FARM BUSINESS MANAGEMENT | ||
| 942 | _n0 | ||
| 999 |
_c67193 _d67193 |
||